Estatísticas para Imagens de Satélite - Cadeias da Ilha

Clique aqui para jogar o quiz

Estatísticas Gerais

  • Esse quiz foi jogado 34 vezes
  • A pontuação média é 7 de 16

Estatísticas das Respostas

Resposta% Correto
Japão
92%
Filipinas
75%
Grandes {Antilhas}
63%
Havaí
58%
Ilhas {Malvinas}
58%
Fiji
54%
Ilhas {Canárias}
46%
Malta
46%
Terra do Fogo
42%
Ilhas {Galápagos}
38%
Ilhas {Baleares}
29%
Florida Keys
25%
Ilhas {Aleutas}
21%
Ilhas {Féroe}
21%
Ilhas {Shetland}
13%
{Hébridas} Exteriores
8%

Distribuição das Pontuações

Percentil de Números Respondidos

Porcentagem de Pessoas com Cada Pontuação

Sua Pontuação Histórica

Você não jogou esse quiz